Normal view
MARC view
- Hallows, Norman F., [from old catalog]
Entry Personal Name
001 - CONTROL NUMBER
- control field: 41956
003 - CONTROL NUMBER IDENTIFIER
- control field: NUST
005 - DATE AND TIME OF LATEST TRANSACTION
- control field: 20210314132201.0
008 - FIXED-LENGTH DATA ELEMENTS
- fixed length control field: 210314|| aca||aabn | a|a d
040 ## - CATALOGING SOURCE
- Original cataloging agency: NUST
- Transcribing agency: NUST
100 ## - HEADING--PERSONAL NAME
- Personal name: Hallows, Norman F., [from old catalog]
670 ## - SOURCE DATA FOUND
- Source citation: Work cat.: (NUST): Bradley, Ian. [from old catalog] 41955, Workshop equipment, its design, construction and use,, 1949.
